Notes for Bible readings. (Record no. 3764)

000 -LEADER
fixed length control field 00572nam a2200181 a 4500
001 - CONTROL NUMBER
control field :::00001499$&:&@@
003 - CONTROL NUMBER IDENTIFIER
control field OkBaRHE
005 - DATE AND TIME OF LATEST TRANSACTION
control field 20000607103244.0
008 - FIXED-LENGTH DATA ELEMENTS--GENERAL INFORMATION
fixed length control field j 000 0 eng u
040 ## - CATALOGING SOURCE
Transcribing agency
100 1# - MAIN ENTRY--PERSONAL NAME
Personal name Moody, D. L. (Dwight Lyman), 1837-1899.
245 10 - TITLE STATEMENT
Title Notes for Bible readings.
260 ## - PUBLICATION, DISTRIBUTION, ETC. (IMPRINT)
Place of publication, distribution, etc London, UK:EN., :
Name of publisher, distributor, etc Morgan and Scott
Date of publication, distribution, etc nd
300 ## - PHYSICAL DESCRIPTION
Extent 257 p. ;
Dimensions 21 cm.
650 ## - SUBJECT ADDED ENTRY--TOPICAL TERM
Topical term or geographic name as entry element Bible
General subdivision Study
-- Outlines, Syllabi, etc.
942 ## - ADDED ENTRY ELEMENTS (KOHA)
Source of classification or shelving scheme
Koha item type Books
Copies
Price effective from Source of classification or shelving scheme Shelving location Lost status Not for loan Withdrawn status Damaged status Koha item type Barcode Date acquired Copy number Full call number Date last seen Permanent Location
2010-04-14 General Stacks    Books14992010-04-141BS 591 .B7N62018-03-12RHEMA Bible Training College